Persianlahtea lähimpänä olevat valtiot - Statistics

Yleistilastot
  • Tätä visaa on pelattu 525 kertaa
  • Keskiarvotulos 20 / 22
Vastaustilastot
km Valtio % Oikein
0 Irak
98%
0 Iran
98%
0 Saudi-Arabia
97%
1191 Israel
95%
0 Oman
95%
551 Jemen
94%
0 Qatar
93%
0 Kuwait
92%
440 Pakistan
92%
846 Syyria
92%
843 Turkki
92%
1128 Intia
91%
0 Yhdistyneet arabiemiraatit
91%
502 Afganistan
90%
863 Jordania
88%
0 Bahrain
85%
1181 Libanon
85%
1208 Georgia
82%
968 Armenia
80%
890 Azerbaidžan
80%
1036 Turkmenistan
76%
1207 Venäjä
72%
Ehtoja vastaavia visoja ei löytynyt
Tulosjakauma
Jokaisen tuloksen saaneiden osuus
Persentiili vastausten määrän mukaan
Tuloshistoriasi
Et ole pelannut tätä visaa